000 00575nam a2200181Ia 4500
005 20250423094455.0
008 250422s9999 xx 000 0 und d
020 _a9781250148742
050 _a PS3603.L4555 C57/
100 _aCleland, Jane K.
245 0 _aAntique blues
260 _aNew York
260 _bMinotaur Books
260 _c2018
300 _a291 p
650 _a Prescott, Josie (Fictitious character)--Fiction. Murder--Investigation--Fiction. Women detectives--Fiction. Appraisers--Fiction. Antiques--Fiction.
942 _cBK
999 _c27347
_d27347